Medicaid managed care : hearing before the Subcommittee on Health for Families and the Uninsured of the Committee on Finance, United States Senate, One Hundred Second Congress, second session, on S. 2077, April 10, 1992.

Bibliographic Details
Corporate Authors: United States. Congress. Senate. Committee on Finance. Subcommittee on Health for Families and the Uninsured, ProQuest (Firm)
Format: Government Document eBook
Language:English
Published: Washington : U.S. G.P.O., 1992.
Series:U.S. Congressional Hearings.
Subjects:
Online Access:Connect to the full text of this electronic book

MARC

Tag First Indicator Second Indicator Subfields
LEADER 00000cam a22000001a 4500
001 in00003256321
006 m d f
007 cr bn mmmapmmp
008 091022s1992 dcua ob f000 0 eng d
005 20260511185146.9
035 |a cis2007461102 
040 |a UMI  |c UMI  |d UtOrBLW 
043 |a n-us--- 
074 |a 1038-A, 1038-B (MF) 
086 0 |a Y 4.F 49:S.hrg.102-745 
099 |a HRG-1992-FNS-0015 
110 1 |a United States.  |b Congress.  |b Senate.  |b Committee on Finance.  |b Subcommittee on Health for Families and the Uninsured. 
245 1 0 |a Medicaid managed care :  |b hearing before the Subcommittee on Health for Families and the Uninsured of the Committee on Finance, United States Senate, One Hundred Second Congress, second session, on S. 2077, April 10, 1992. 
264 1 |a Washington :  |b U.S. G.P.O.,  |c 1992. 
300 |a 1 online resource. 
336 |a text  |b txt  |2 rdacontent 
337 |a computer  |b c  |2 rdamedia 
338 |a online resource  |b cr  |2 rdacarrier 
490 1 |a S. hrg. ;  |v 102-745 
500 |a Record is based on bibliographic data in ProQuest Congressional Hearings Digital Collection. Reuse except for individual research requires license from ProQuest, LLC. 
504 |a Includes bibliographical references. 
538 |a System requirements: PDF reader software. 
500 |a Electronic resource. 
650 0 |a Managed care plans (Medical care)  |x Law and legislation  |z United States. 
650 0 |a Medicaid  |x Law and legislation. 
655 7 |a Electronic books.  |2 local 
710 2 |a ProQuest (Firm) 
776 0 8 |i Print version:  |a United States. Congress. Senate. Committee on Finance. Subcommittee on Health for Families and the Uninsured  |t Medicaid managed care  |w (DGPO)93056203  |w (OCoLC)26966634 
776 0 8 |i Microfiche version:  |a United States. Congress. Senate. Committee on Finance. Subcommittee on Health for Families and the Uninsured  |t Medicaid managed care.  |d [Bethesda, Md.] : ProQuest,[2004]  |o CIS 92 S361-58  |w (ProQuest)cis09202662 
810 1 |a United States.  |b Congress.  |b Senate.  |t S. hrg. ;  |v 102-745. 
830 0 |a U.S. Congressional Hearings. 
856 4 0 |u http://proxy.library.tamu.edu/login?url=https://congressional.proquest.com/congcomp/getdoc?HEARING-ID=HRG-1992-FNS-0015  |z Connect to the full text of this electronic book  |t 0 
998 |a cis09202662 
999 |a MARS 
999 f f |s 99688673-97ab-3a21-b7a9-257296bb685b  |i 6fa0a380-6659-3871-a25b-c535962039f5  |t 0 
952 f f |a Texas A&M University  |b College Station  |c Electronic Resources  |s www_evans  |d Available Online  |t 0  |e HRG-1992-FNS-0015  |h Other scheme 
998 f f |a HRG-1992-FNS-0015  |t 0  |l Available Online